| 000 -LEADER |
| fixed length control field |
00752cas a2200217 a 4500 |
| 001 - CONTROL NUMBER |
| control field |
11160771 |
| 003 - CONTROL NUMBER IDENTIFIER |
| control field |
BD-DhUAP |
| 005 - DATE AND TIME OF LATEST TRANSACTION |
| control field |
20200226122347.0 |
| 008 - FIXED-LENGTH DATA ELEMENTS--GENERAL INFORMATION |
| fixed length control field |
200226| enkar 0 a0eng c |
| 040 ## - CATALOGING SOURCE |
| Original cataloging agency |
MUL |
| Language of cataloging |
eng |
| Transcribing agency |
MUL |
| Modifying agency |
IUL |
| -- |
NYS |
| -- |
OCL |
| -- |
DLC |
| -- |
OCLCQ |
| -- |
OCLCG |
| -- |
OCLCQ |
| -- |
OCLCF |
| -- |
OCLCO |
| -- |
NLC |
| -- |
AVA |
| -- |
OCLCQ |
| -- |
GILDS |
| -- |
OCLCQ |
| -- |
BD-DhUAP |
| 042 ## - AUTHENTICATION CODE |
| Authentication code |
pcc |
| 082 00 - DEWEY DECIMAL CLASSIFICATION NUMBER |
| Classification number |
720.5 WOR |
| Edition number |
23 |
| 245 00 - TITLE STATEMENT |
| Title |
World architecture : |
| Remainder of title |
tsp architects + planners. |
| 260 ## - PUBLICATION, DISTRIBUTION, ETC. |
| Place of publication, distribution, etc. |
London : |
| Name of publisher, distributor, etc. |
The International Academy of Architecture, |
| Date of publication, distribution, etc. |
[...?]. |
| 300 ## - PHYSICAL DESCRIPTION |
| Extent |
122 pages : |
| Other physical details |
illustrations ; |
| Dimensions |
29 cm |
| 588 ## - SOURCE OF DESCRIPTION NOTE |
| Source of description note |
Description based on: 3, published 1966. |
| 590 ## - LOCAL NOTE (RLIN) |
| Local note |
SERBIB/SERLOC merged record |
| 650 #0 - SUBJECT ADDED ENTRY--TOPICAL TERM |
| Topical term or geographic name entry element |
Architecture |
| Form subdivision |
Periodicals. |
| 650 #7 - SUBJECT ADDED ENTRY--TOPICAL TERM |
| Topical term or geographic name entry element |
Architecture. |
| Source of heading or term |
fast |
| 942 ## - ADDED ENTRY ELEMENTS (KOHA) |
| Source of classification or shelving scheme |
|
| Koha item type |
Book |